000 00295nam a22001217a 4500
008 230627b xxu||||| |||| 00| 0 eng d
082 _a338.9
_bDPR 2006
245 _aDevelopment Policy Review
260 _aUK
_bBlackwell Publishing
_c2006
300 _a496p
440 _n4
_v24
942 _2ddc
_cBK
999 _c2879
_d2879